000 00759nam a22002297a 4500
999 _c18237
_d18237
003 AR-CdUCM
008 190513b ||||| |||| 00| 0 spa d
040 _aMUNICIPALIDAD PROVINCIAL DEL CUSCO
_cBIBLIOTECA MUNICIPAL DEL CUSCO
082 _a985.0013 /
_bM333
100 _aMariátegui, José Carlos
_92478
245 _aCorrespondencia 1915-1930 /
260 _aLima :
_bEmpresa Editora Amauta,
_c1984.
300 _a2 tomos ;
_c25 cm.
440 _aObras completas de José Carlos Mariátegui
_938706
505 _aContenido: José Carlos Mariategui.
650 _aComunistas
_938707
650 _aPeriodistas
_918957
650 _aSocialismo
_91037
700 _aMelis, Antonio (compilador)
_938708
942 _2ddc
_cLIBROS
945 _adavv
_d2019-05-13